| 000 | 00605cab a2200229 4500 | ||
|---|---|---|---|
| 001 | X2075 | ||
| 008 | 090401t1995 xxu||||| |||| 00| 0 eng d | ||
| 035 | _a(Sirsi) u21632 | ||
| 041 | _aeng | ||
| 245 | _aNew estate agency controls | ||
| 260 | _c1995 | ||
| 350 | _a0 | ||
| 490 |
_aEstates Gazette _v(9513) 1 April 1995, 131(1) |
||
| 650 | _aAPRIL FOOL | ||
| 650 | _aESTATE AGENTS (PROVISION OF INFORMATION) REGULATIONS 1991 | ||
| 650 | _aESTATE AGENTS ACT 1979 | ||
| 650 | _aSOLE AGENCY | ||
| 650 | _aSOLE SELLING RIGHTS | ||
| 690 | _aECONOMIC AND SOCIAL | ||
| 942 | _n0 | ||
| 948 | _c04/03/1997 | ||
| 999 |
_c14511 _d14511 |
||